[Event "Leiden SB-chA"]
[Site "Leiden"]
[Date "2015.06.16"]
[Round "5"]
[White "Roozendaal, Marc"]
[Black "Noordkamp, Wouter"]
[Result "1/2-1/2"]
[WhiteElo "1951"]
[BlackElo "1970"]
[PlyCount "71"]
[EventDate "2015.05.19"]
[EventType "swiss"]
[EventRounds "7"]
[EventCountry "NED"]
[SourceTitle "EXT 2018"]
[Source "ChessBase"]
[SourceDate "2017.10.13"]
[SourceVersion "1"]
[SourceVersionDate "2017.10.13"]
[SourceQuality "1"]

1. d4 Nf6 2. c4 e6 3. Nc3 Bb4 4. Qc2 0-0 5. a3 Bxc3+ 6. Qxc3 Ne4 7. Qd3 f5 8. Nf3 b6 9. h4 Bb7 10. Ng5 Qe7 11. Bf4 d6 12. Nxe4 Bxe4 13. Qc3 Nd7 14. f3 Bb7 15. 0-0-0 e5 16. Bg5 Qe8 17. d5 f4 18. h5 h6 19. Bh4 Qxh5 20. g4 Qe8 21. g5 hxg5 22. Bxg5 Bc8 23. Bh3 Nf6 24. Bxc8 Rxc8 25. Qc2 Kf7 26. Rdg1 c6 27. dxc6 Qxc6 28. b3 Ke6 29. Bxf6 gxf6 30. Rg7 Rc7 31. Rxc7 Qxc7 32. Qd3 Qc5 33. Kb2 Rf7 34. b4 Qd4+ 35. Qxd4 exd4 36. Kc2 1/2-1/2

[Event "Leiden SB-chA"]
[Site "Leiden"]
[Date "2015.06.09"]
[Round "4"]
[White "Noordkamp, Wouter"]
[Black "Geertsma, Folkert Jan"]
[Result "1/2-1/2"]
[WhiteElo "1970"]
[BlackElo "1968"]
[PlyCount "56"]
[EventDate "2015.05.19"]
[EventType "swiss"]
[EventRounds "7"]
[EventCountry "NED"]
[SourceTitle "EXT 2018"]
[Source "ChessBase"]
[SourceDate "2017.10.13"]
[SourceVersion "1"]
[SourceVersionDate "2017.10.13"]
[SourceQuality "1"]

1. Nf3 Nf6 2. b3 g6 3. Bb2 Bg7 4. e3 0-0 5. Be2 d5 6. c4 c6 7. 0-0 Bf5 8. d4 Re8 9. Ne5 Nfd7 10. f4 Nxe5 11. dxe5 dxc4 12. Bxc4 b5 13. Be2 Qb6 14. Qc1 Nd7 15. Kh1 f6 16. Bf3 fxe5 17. Qxc6 Qxe3 18. Nc3 Rac8 19. Qd5+ Kh8 20. Rae1 Qc5 21. g4 Qxd5 22. Nxd5 Bd3 23. Rf2 e4 24. Bxe4 Bxe4+ 25. Rxe4 Bxb2 26. Rxb2 Nf6 27. Nxf6 exf6 28. Rxe8+ Rxe8 1/2-1/2

[Event "Dieren op"]
[Site "Dieren"]
[Date "2013.07.30"]
[Round "7"]
[White "Vereggen, Lars"]
[Black "Noordkamp, Wouter"]
[Result "1-0"]
[WhiteElo "2116"]
[BlackElo "2066"]
[PlyCount "125"]
[EventDate "2013.07.23"]
[EventType "swiss"]
[EventRounds "9"]
[EventCountry "NED"]
[SourceTitle "EXT 2015"]
[Source "ChessBase"]
[SourceDate "2014.11.20"]
[SourceVersion "1"]
[SourceVersionDate "2014.11.20"]
[SourceQuality "1"]

1. Nf3 Nf6 2. b3 g6 3. Bb2 Bg7 4. e4 d6 5. d3 c5 6. Nbd2 Nc6 7. Be2 Qc7 8. 0-0 0-0 9. c3 e5 10. d4 Ne8 11. Re1 a6 12. Bf1 b5 13. a4 Rb8 14. axb5 axb5 15. d5 Ne7 16. b4 c4 17. Ra5 h6 18. Nb1 f5 19. Na3 Bd7 20. Nd2 Nf6 21. Bc1 fxe4 22. Nxe4 Nexd5 23. Nxc4 bxc4 24. Rxd5 Bc6 25. Nxf6+ Rxf6 26. Bxc4 Bxd5 27. Bxd5+ Kh7 28. Qd3 Qc8 29. Be3 Qf5 30. Be4 Qe6 31. b5 Rf4 32. Bxf4 exf4 33. c4 Be5 34. g3 Kg7 35. Re2 Qg4 36. Ra2 h5 37. Bf3 Qh3 38. Ra7+ Kh6 39. Qe4 fxg3 40. fxg3 Rf8 41. Qe3+ g5 42. Re7 h4 43. Rxe5 dxe5 44. Qb6+ Kg7 45. Qc7+ Rf7 46. Qxe5+ Kf8 47. Qd6+ Kg7 48. Qd4+ Kf8 49. Qd8+ Kg7 50. Qxg5+ Kf8 51. Qd8+ Kg7 52. Qd4+ Kf8 53. Bg2 Qe6 54. Qh8+ Ke7 55. Qxh4+ Kf8 56. Qd8+ Kg7 57. Qd4+ Kf8 58. h4 Qe1+ 59. Kh2 Rf2 60. b6 Rd2 61. Qf4+ Ke7 62. b7 Qe2 63. Qxd2 1-0

[Event "Dieren op"]
[Site "Dieren"]
[Date "2013.07.26"]
[Round "4"]
[White "Vogel, Jaap"]
[Black "Noordkamp, Wouter"]
[Result "1/2-1/2"]
[WhiteElo "2202"]
[BlackElo "2066"]
[PlyCount "39"]
[EventDate "2013.07.23"]
[EventType "swiss"]
[EventRounds "9"]
[EventCountry "NED"]
[SourceTitle "EXT 2015"]
[Source "ChessBase"]
[SourceDate "2014.11.20"]
[SourceVersion "1"]
[SourceVersionDate "2014.11.20"]
[SourceQuality "1"]

1. d4 Nf6 2. Nf3 e6 3. c4 b6 4. g3 Ba6 5. b3 Bb4+ 6. Bd2 Be7 7. Bg2 c6 8. Qc2 d5 9. 0-0 0-0 10. Rd1 Nbd7 11. Bf4 Rc8 12. Nc3 dxc4 13. e4 Nh5 14. Be3 Qc7 15. e5 g6 16. Bh6 Rfe8 17. Ne4 cxb3 18. axb3 Bb5 19. g4 Ng7 20. Qd2 1/2-1/2

[Event "Dieren op"]
[Site "Dieren"]
[Date "2013.07.24"]
[Round "2"]
[White "Kollen, Zyon"]
[Black "Noordkamp, Wouter"]
[Result "0-1"]
[WhiteElo "2209"]
[BlackElo "2066"]
[PlyCount "56"]
[EventDate "2013.07.23"]
[EventType "swiss"]
[EventRounds "9"]
[EventCountry "NED"]
[SourceTitle "EXT 2015"]
[Source "ChessBase"]
[SourceDate "2014.11.20"]
[SourceVersion "1"]
[SourceVersionDate "2014.11.20"]
[SourceQuality "1"]

1. e4 c5 2. Nf3 e6 3. d4 cxd4 4. Nxd4 Nc6 5. Nc3 a6 6. Be3 Qc7 7. Bd3 Nf6 8. 0-0 Be7 9. f4 d6 10. Qf3 Nd7 11. Rae1 b5 12. Qg3 Bb7 13. f5 Nxd4 14. Bxd4 Bf6 15. Bxf6 gxf6 16. fxe6 fxe6 17. Qh3 Qc5+ 18. Kh1 Qe5 19. a4 bxa4 20. Bc4 Nc5 21. Ra1 0-0-0 22. Nxa4 Nxe4 23. Bxe6+ Kb8 24. Bc4 Qd4 25. Qd3 Nf2+ 26. Rxf2 Qxf2 27. Bd5 Rhe8 28. h3 Re1+ 0-1

[Event "Leiden LCT op-A 7th"]
[Site "Leiden"]
[Date "2013.07.12"]
[Round "1"]
[White "Noordkamp, Wouter"]
[Black "Sengupta, Deep"]
[Result "0-1"]
[WhiteElo "2066"]
[BlackElo "2555"]
[PlyCount "56"]
[EventDate "2013.07.12"]
[EventType "swiss"]
[EventRounds "9"]
[EventCountry "NED"]
[SourceTitle "CBM 155 Extra"]
[Source "ChessBase"]
[SourceDate "2013.08.26"]
[SourceVersion "1"]
[SourceVersionDate "2013.08.26"]
[SourceQuality "1"]

1. e4 e6 2. d4 d5 3. Nd2 Nf6 4. e5 Nfd7 5. Bd3 c5 6. c3 Nc6 7. Ne2 a5 8. 0-0 a4 9. f4 cxd4 10. cxd4 a3 11. b3 Qb6 12. Nf3 Nb4 13. Bb1 Nb8 14. Be3 N8c6 15. Qd2 g6 16. Rc1 Bd7 17. Bf2 Be7 18. Bh4 Bxh4 19. Nxh4 0-0-0 20. Nf3 Kb8 21. Ne1 Rc8 22. Rc5 Rc7 23. Kf1 Nxd4 24. Rxc7 Bb5 25. Rc4 Nxe2 26. Qxb4 Ng3+ 27. hxg3 Bxc4+ 28. Bd3 Qxb4 0-1

[Event "Leiden Noteboom Memorial-A 72nd"]
[Site "Leiden"]
[Date "2012.02.17"]
[Round "1"]
[White "Doggers, Peter"]
[Black "Noordkamp, Wouter"]
[Result "1-0"]
[WhiteElo "2270"]
[BlackElo "2009"]
[PlyCount "43"]
[EventDate "2012.02.17"]
[EventType "swiss"]
[EventRounds "6"]
[EventCountry "NED"]
[SourceTitle "CBM 147 Extra"]
[Source "ChessBase"]
[SourceDate "2012.04.24"]
[SourceVersion "1"]
[SourceVersionDate "2012.04.24"]
[SourceQuality "1"]

1. e4 c5 2. Nf3 e6 3. d4 cxd4 4. Nxd4 Nc6 5. Nc3 a6 6. Be2 Qc7 7. 0-0 Nf6 8. Kh1 Bb4 9. Bg5 Bxc3 10. Bxf6 gxf6 11. bxc3 b5 12. a4 bxa4 13. Rxa4 Bb7 14. Qd2 Qe5 15. f4 Qxe4 16. Bf3 Qg6 17. Rb1 e5 18. Rxb7 exd4 19. cxd4 Qf5 20. Bxc6 dxc6 21. Qb4 Qe6 22. Ra1 1-0

[Event "Leiden LCT op 3rd"]
[Site "Leiden"]
[Date "2009.07.10"]
[Round "1"]
[White "Luch, Michal"]
[Black "Noordkamp, Wouter"]
[Result "1-0"]
[WhiteElo "2415"]
[BlackElo "2013"]
[PlyCount "69"]
[EventDate "2009.07.10"]
[EventType "swiss"]
[EventRounds "9"]
[EventCountry "NED"]
[SourceTitle "CBM 131 Extra"]
[Source "ChessBase"]
[SourceDate "2009.09.03"]
[SourceVersion "2"]
[SourceVersionDate "2009.09.16"]
[SourceQuality "1"]

1. d4 Nf6 2. c4 e6 3. Nc3 Bb4 4. Qc2 0-0 5. a3 Bxc3+ 6. Qxc3 b6 7. Bg5 Bb7 8. f3 d5 9. e3 Nbd7 10. cxd5 exd5 11. Bd3 Re8 12. Ne2 h6 13. Bh4 Qe7 14. Bf2 Rac8 15. 0-0 Nf8 16. b4 Ne6 17. Qd2 c5 18. Rab1 c4 19. Bc2 b5 20. Nc3 Nc7 21. Rfe1 Qd7 22. e4 dxe4 23. fxe4 Ng4 24. Bg3 Ne6 25. Rbd1 Rcd8 26. d5 Nf6 27. Qf2 Nf8 28. Bh4 Ng4 29. Qc5 g5 30. Bg3 a6 31. e5 h5 32. e6 fxe6 33. dxe6 Qg7 34. Rxd8 Rxd8 35. e7 1-0